| 000 | 00308nam a22000857a 4500 | ||
|---|---|---|---|
| 999 |
_c516473 _d516473 |
||
| 100 |
_aSwami Tathagatananda _922988 |
||
| 245 |
_aCelebrating Swami Vivekananda : _bEssays for the 150th birth anniversary of Swami Tathagatananda _cby Swami Tathagatananda |
||
| 260 |
_aNew York _bVadanta Society _c2013 |
||
| 300 | _a184p. | ||